Science des matériaux pour le nucléaire

保存先:
書誌詳細
第一著者: Lemaignan, Clément
フォーマット: 図書
言語:Vietnamese
出版事項: EDP Sciences 2004
タグ: タグ追加
タグなし, このレコードへの初めてのタグを付けませんか!
Thư viện lưu trữ: Mạng thư viện Đại học Đà Nẵng
LEADER 00629nam a2200253 4500
001 000021706
003 18154
005 20150423080416.0
008 150423s2004 viesd
020 |c 00 
041 0 |a vie 
082 1 4 |a 539,7  |b LE-C 
100 1 |a Lemaignan, Clément 
245 1 0 |a Science des matériaux pour le nucléaire  |c Clément Lemaignan 
260 |b EDP Sciences  |c 2004 
300 |a tr.  |c cm. 
OWN |a LSP 
999 |a From the UDN01 
TYP |a Monograph 
TYP |a Printed language 
980 |a Mạng thư viện Đại học Đà Nẵng